| 000 | 00776nam a2200217Ii 4500 | ||
|---|---|---|---|
| 003 | JO-AjNU | ||
| 008 | 230605s9999||||xx |||||||||||||| ||und|| | ||
| 017 | _a2011/9/3389 | ||
| 040 |
_aJO-AjNU _bara _erda _cJO-AjNU |
||
| 041 | _aara | ||
| 050 | 1 | 4 | _aNK1473.6.J65.A289 2011 |
| 100 | 3 |
_aتأليف أبو زريق، محمد , _eauthor _950401 |
|
| 245 | 0 | 0 | _aدراسات في الفن التشكيلي الاردني المعاصر |
| 250 | _aط1 | ||
| 264 | 3 | 1 | _aعمان:مديرية الثقافة,2011 |
| 300 | _a299ص | ||
| 336 |
_atext _btxt _2rdacontent |
||
| 337 |
_aunmediated _bn _2rdamedia |
||
| 338 |
_avolume _bnc _2rdacarrier |
||
| 650 | 4 |
_aالفن-الفن التشكيلي-دراسات في الفن التشكيلي الأردني المعاصر _950402 |
|
| 999 |
_aA22200 _c25768 _d25768 |
||